000 00456nam a2200181Ia 4500
001 47773
008 140429s9999 xx 000 0 und d
020 _aNA
040 _cPK-LaUMT
082 _aRHC 891.4393
_bIDR-S
100 _aIdrees, Muhammad
245 _aSar bakaf sar buland (Urdu)
_cIdrees, Muhammad
260 _aLahore,Pakistan:
_bMaktaba-e-Haya-e-Din,
_c2003
300 _a176 p.
546 _aUR
650 _aUrdu literature
942 _cBK
999 _c45660
_d45660